[Event "Riga Tech Open A 2018"]
[Site "Riga LAT"]
[Date "2018.08.06"]
[Round "1.1"]
[White "Kovalenko, Igor"]
[Black "Priyanka, Nutakki"]
[Result "1-0"]
[WhiteTitle "GM"]
[WhiteElo "2641"]
[BlackElo "2212"]
[WhiteFideId "14117908"]
[BlackFideId "25049615"]
[EventDate "2018.08.06"]

1. e4 e6 2. d3 d5 3. Nd2 c5 4. g3 Nf6 5. Bg2 g6 6. e5 Nfd7 7. f4 Bg7 8. Ngf3 f6
9. exf6 Bxf6 10. O-O O-O 11. Re1 Re8 12. Ne5 Nc6 13. Ndf3 Qc7 14. Ng4 Bg7 15.
Ng5 Nb6 16. c3 e5 17. Nxe5 Nxe5 18. fxe5 Rxe5 19. Bf4 Rxe1+ 20. Qxe1 Qd8 21. Ne6
Bxe6 22. Qxe6+ Kh8 23. Re1 Qf6 24. Qe7 Qf5 25. Qxb7 g5 26. Bb8 1-0

[Event "Riga Tech Open A 2018"]
[Site "Riga LAT"]
[Date "2018.08.06"]
[Round "1.2"]
[White "Schulze, Andreas"]
[Black "Bluebaum, Matthias"]
[Result "0-1"]
[BlackTitle "GM"]
[WhiteElo "2209"]
[BlackElo "2637"]
[WhiteFideId "4649281"]
[BlackFideId "24651516"]
[EventDate "2018.08.06"]

1. e4 e6 2. d4 d5 3. exd5 exd5 4. Bd3 Nc6 5. c3 Bd6 6. Ne2 Nge7 7. Bg5 Bg4 8.
Qc2 Qd7 9. Nd2 h6 10. Bh4 Nf5 11. Bg3 Nxg3 12. hxg3 O-O-O 13. Nf1 Ne7 14. Ne3
Be6 15. Nf4 Kb8 16. O-O-O c5 17. Nxe6 fxe6 18. dxc5 Bxc5 19. Ng4 Qc7 20. Rhe1
Rd6 21. Re2 Rc8 22. Rde1 h5 23. Ne5 Nc6 24. Nxc6+ Qxc6 25. f3 Bd4 26. Kb1 Bf6
27. f4 a6 28. Rh1 Qb6 29. Qb3 Qa5 30. Qb4 Qd8 31. Rc1 Rb6 32. Qa3 Qd7 33. Qa5
Ka7 34. a4 Bd8 35. Bb5 Rxb5 0-1

[Event "Riga Tech Open A 2018"]
[Site "Riga LAT"]
[Date "2018.08.06"]
[Round "1.3"]
[White "Donchenko, Alexander"]
[Black "Chernyak, Viktoria"]
[Result "1-0"]
[WhiteTitle "GM"]
[BlackTitle "WFM"]
[WhiteElo "2612"]
[BlackElo "2206"]
[WhiteFideId "24603295"]
[BlackFideId "24165956"]
[EventDate "2018.08.06"]

1. Nf3 d5 2. g3 Nf6 3. Bg2 c5 4. O-O e6 5. d4 cxd4 6. Nxd4 e5 7. Nb3 h6 8. c4 d4
9. e3 dxe3 10. Qxd8+ Kxd8 11. Bxe3 Nc6 12. Nc3 Bg4 13. f4 exf4 14. Bxf4 Be7 15.
Nd5 Rc8 16. h3 Be6 17. Rad1 Nd7 18. Nxe7 Kxe7 19. Bd6+ Ke8 20. Rfe1 h5 21. Nd4
Rh6 22. Nf5 Rg6 23. Bf4 Kf8 24. Nd6 Ra8 25. Nxb7 Nd8 26. c5 1-0

[Event "Riga Tech Open A 2018"]
[Site "Riga LAT"]
[Date "2018.08.06"]
[Round "1.4"]
[White "Laustsen, Lars"]
[Black "Hovhannisyan, Robert"]
[Result "0-1"]
[BlackTitle "GM"]
[WhiteElo "2204"]
[BlackElo "2608"]
[WhiteFideId "1407554"]
[BlackFideId "13302507"]
[EventDate "2018.08.06"]

1. d4 Nf6 2. c4 e6 3. g3 Bb4+ 4. Bd2 Qe7 5. Nf3 Bxd2+ 6. Qxd2 Nc6 7. Nc3 d5 8.
cxd5 exd5 9. Bg2 O-O 10. O-O Bf5 11. Rac1 Rad8 12. Rfd1 Rfe8 13. e3 Ne4 14. Qe2
Bg4 15. h3 Bh5 16. Re1 a6 17. g4 Bg6 18. Nd2 Nb4 19. a3 Nxc3 20. Rxc3 Nc2 21.
Rc1 Nxd4 22. Qf1 Nb5 23. Rc5 c6 24. a4 Nd6 25. b4 h5 26. R5c3 hxg4 27. hxg4 Qg5
28. Qd1 Nc4 29. Nf1 Qh4 30. Qd4 Be4 31. f3 Bh7 32. b5 axb5 33. axb5 Nd6 0-1

[Event "Riga Tech Open A 2018"]
[Site "Riga LAT"]
[Date "2018.08.06"]
[Round "1.5"]
[White "Predke, Alexandr"]
[Black "Haavamae, Henrik"]
[Result "1-0"]
[WhiteTitle "GM"]
[WhiteElo "2606"]
[BlackElo "2203"]
[WhiteFideId "24107581"]
[BlackFideId "4502973"]
[EventDate "2018.08.06"]

1. e4 c6 2. Nc3 d5 3. Nf3 g6 4. d4 Bg7 5. h3 Nf6 6. Bd3 dxe4 7. Nxe4 Nxe4 8.
Bxe4 Nd7 9. O-O O-O 10. Bg5 Qb6 11. Re1 e5 12. dxe5 Qxb2 13. Be7 Re8 14. Bd6
Nxe5 15. Rb1 Qc3 16. Nxe5 Bxe5 17. Re3 Qd4 18. Bxe5 Qxd1+ 19. Rxd1 Rxe5 20. Rd8+
Kg7 21. Bf3 Rc5 22. c3 b6 23. Ree8 Rxc3 24. Rxc8 Rxc8 25. Rxc8 Ra3 26. Rxc6 Rxa2
27. g4 b5 28. Rc7 Ra1+ 29. Kg2 Kf6 30. Bd5 Ke5 31. Bxf7 Kd6 32. Rb7 Kc6 33. Re7
b4 34. Be8+ Kb6 35. Rxh7 b3 36. Bxg6 a5 37. Rh8 a4 38. Rb8+ Kc5 39. Bf7 Rb1 40.
g5 b2 41. Ba2 1-0

[Event "Riga Tech Open A 2018"]
[Site "Riga LAT"]
[Date "2018.08.06"]
[Round "1.6"]
[White "Issakainen, Ari"]
[Black "Smirin, Ilia"]
[Result "1/2-1/2"]
[BlackTitle "GM"]
[WhiteElo "2201"]
[BlackElo "2602"]
[WhiteFideId "500330"]
[BlackFideId "2801990"]
[EventDate "2018.08.06"]

1. d4 Nf6 2. c4 g6 3. g3 Bg7 4. Bg2 O-O 5. Nf3 d6 6. O-O c6 7. Nc3 a6 8. a4 a5
9. h3 Na6 10. e4 Nd7 11. Bg5 h6 12. Be3 e5 13. dxe5 dxe5 14. Qd2 Kh7 15. Rad1
Qe7 16. Nh2 Ndc5 17. Qc2 Nb4 18. Qb1 Nb3 19. Rfe1 Be6 20. Bf1 Rfd8 21. Rxd8 Rxd8
22. Rd1 Nd4 23. b3 Nbc2 24. Bxd4 Nxd4 25. Rd3 f5 26. Bg2 f4 27. g4 h5 28. Qd1
hxg4 29. hxg4 Qd7 30. Kf1 Kg8 31. Bh3 Bf6 32. Ne2 b5 33. cxb5 cxb5 34. Nxd4 exd4
35. axb5 Qxb5 36. Kg1 Rb8 37. Bf1 Qc6 38. Bg2 Qb6 39. Bf1 Kg7 40. Qd2 Bxb3 41.
Qxf4 g5 42. Qc1 Be6 43. e5 Be7 44. Nf3 Bxg4 45. Nxd4 Rd8 46. Qe3 Qg6 47. Bg2 Kg8
48. Be4 Qb6 49. Nf5 Qxe3 50. Nxe7+ Kf7 51. Rxe3 Kxe7 52. Rg3 Be6 53. Rxg5 a4 54.
Rg7+ Bf7 55. Rg3 Rd1+ 56. Kg2 Ra1 57. Rc3 a3 58. Rc7+ Kf8 59. Rc8+ Ke7 60. Rc7+
Ke8 61. Bc6+ Kf8 62. Rc8+ Kg7 63. Rc7 Kf8 64. Rc8+ Ke7 1/2-1/2

[Event "Riga Tech Open A 2018"]
[Site "Riga LAT"]
[Date "2018.08.06"]
[Round "1.8"]
[White "Ungurs, Edgars"]
[Black "Esipenko, Andrey"]
[Result "0-1"]
[BlackTitle "GM"]
[WhiteElo "2199"]
[BlackElo "2589"]
[WhiteFideId "11601205"]
[BlackFideId "24175439"]
[EventDate "2018.08.06"]

1. d4 Nf6 2. Bg5 e6 3. Nd2 c5 4. e3 cxd4 5. exd4 Be7 6. Bd3 b6 7. Qf3 Nc6 8. c3
Bb7 9. Qh3 Qc7 10. Ne2 Nd5 11. Bxe7 Ncxe7 12. Qg3 Qxg3 13. hxg3 Nf6 14. f3 O-O-O
15. Nc4 Kc7 16. a4 d6 17. Kf2 h6 18. Nf4 Rhe8 19. Nh5 Nxh5 20. Rxh5 Nd5 21. Bc2
Nf6 22. Rhh1 h5 23. Rhe1 g6 24. Rad1 Bc6 25. Na3 a6 26. Nc4 Nd7 27. Ne3 Nf6 28.
Bb3 Bb7 29. Nc4 Rb8 30. Na3 Rec8 31. Nc2 Kd7 32. Nb4 Ke7 33. Re2 a5 34. Nc2 Ba6
35. Red2 b5 36. Ne3 b4 37. c4 Nd7 38. Re1 Kf6 39. Rc1 Rc7 40. Bd1 b3 41. Rc3 Rb4
42. Rxb3 Rxa4 43. Rc3 Ra1 44. Be2 Ra2 45. Ke1 Bb7 46. Ra3 Rxa3 47. bxa3 Ke7 48.
Rb2 Bc6 49. Bd1 e5 50. dxe5 dxe5 51. Nd5+ Bxd5 52. cxd5 Rc3 53. a4 Kd6 54. Rb7
f5 55. Be2 Nc5 56. Rb5 Kxd5 57. Rxa5 Kd4 58. Kf2 Rc2 59. Ra8 Nd3+ 60. Kf1 Rc1+
61. Bd1 Ke3 0-1

[Event "Riga Tech Open A 2018"]
[Site "Riga LAT"]
[Date "2018.08.06"]
[Round "1.9"]
[White "Stocek, Jiri"]
[Black "Bolsakovs, Vadims"]
[Result "1-0"]
[WhiteTitle "GM"]
[WhiteElo "2582"]
[BlackElo "2197"]
[WhiteFideId "304760"]
[BlackFideId "11601981"]
[EventDate "2018.08.06"]

1. d4 d5 2. Nf3 Nf6 3. c4 dxc4 4. e3 b5 5. a4 b4 6. Bxc4 e6 7. O-O Be7 8. Qe2
Bb7 9. Nbd2 O-O 10. Rd1 Nbd7 11. b3 c5 12. Bb2 Qc7 13. Rac1 Rac8 14. g3 Qb8 15.
Ba6 Rfd8 16. e4 cxd4 17. Bxb7 Qxb7 18. Bxd4 Nc5 19. Bxc5 Bxc5 20. Ne5 Bd4 21.
Rxc8 Rxc8 22. Nec4 Bc5 23. e5 Nd5 24. Qf3 Qa8 25. Ne4 Nc3 26. Rd7 f5 27. Qh5 1-0

[Event "Riga Tech Open A 2018"]
[Site "Riga LAT"]
[Date "2018.08.06"]
[Round "1.10"]
[White "Kerem, Halil Ozgun"]
[Black "Schroeder, Jan-Christian"]
[Result "0-1"]
[BlackTitle "GM"]
[WhiteElo "2194"]
[BlackElo "2573"]
[WhiteFideId "6348475"]
[BlackFideId "24662259"]
[EventDate "2018.08.06"]

1. d4 d5 2. Bf4 Nf6 3. e3 c5 4. c3 Nc6 5. Nd2 Bf5 6. Ngf3 Qb6 7. Nh4 Bd7 8. Qb3
Rc8 9. dxc5 Qxb3 10. axb3 e5 11. Bg5 Ne4 12. Nhf3 f6 13. Bh4 g5 14. Bg3 h5 15.
h3 Nxg3 16. fxg3 e4 17. Nd4 Bxc5 18. Bb5 f5 19. O-O h4 20. gxh4 Rxh4 21. b4 Bxd4
22. exd4 a6 23. Bxc6 Rxc6 24. b5 axb5 25. Ra8+ Rc8 26. Ra7 Rc7 27. Nb3 f4 28.
Nc5 Bc8 29. Na6 Rf7 30. Nb4 Rf5 31. Ra8 Kd8 32. g4 Rf7 33. Nxd5 Rxh3 34. Nb6 Rc7
35. d5 Rd3 36. Re1 e3 37. Kg2 Rd2+ 38. Kf3 Rc4 39. Nxc4 bxc4 40. Ke4 Kc7 41. Ke5
Bxg4 42. Ra4 e2 43. Rxc4+ Kd7 44. Rh1 Rxd5+ 45. Kf6 Rd1 46. Rh7+ Kd6 47. Re4
e1=Q 48. Rxe1 Rxe1 49. Kxg5 f3 50. Rh2 Bd7 51. Rf2 Bc6 52. b4 Re2 53. Rf1 f2 0-1

[Event "Riga Tech Open A 2018"]
[Site "Riga LAT"]
[Date "2018.08.06"]
[Round "1.21"]
[White "Annaberdiev, Meilis"]
[Black "Linsenmeyer, Mario"]
[Result "1-0"]
[WhiteTitle "IM"]
[WhiteElo "2509"]
[BlackElo "2180"]
[WhiteFideId "14000563"]
[BlackFideId "24635138"]
[EventDate "2018.08.06"]

1. d4 Nf6 2. Bf4 g6 3. Nc3 d5 4. e3 Bg7 5. Nb5 Na6 6. Nf3 O-O 7. h3 Ne4 8. c3 c6
9. Na3 Qb6 10. Qb3 Be6 11. Be2 Rac8 12. O-O Rfd8 13. Rfd1 Nc7 14. Nb1 Ne8 15.
Nbd2 N8d6 16. Ng5 Nxg5 17. Bxg5 f6 18. Bf4 Bf7 19. Bh2 c5 20. Bf3 cxd4 21. exd4
Qc6 22. Re1 Re8 23. Bg4 Rcd8 24. Be6 Bh6 25. Rad1 Bxe6 26. Rxe6 Kf7 27. Ree1 e6
28. Bxd6 Bxd2 29. Rxd2 Rxd6 30. Rde2 b5 31. Qd1 a5 32. Qd2 Kg7 33. h4 Qc4 34. a3
Qc7 35. Qf4 Qd7 36. Re3 b4 37. cxb4 axb4 38. axb4 Rb6 39. Rc1 Re7 40. Rec3 e5
41. Qd2 Qd6 42. Rc5 Rbb7 43. Rd1 exd4 44. Qxd4 Re5 45. g3 Qe6 46. b5 Re1+ 47.
Rxe1 Qxe1+ 48. Kg2 Qe4+ 49. Qxe4 dxe4 50. Kf1 f5 51. Ke2 Kf6 52. b4 g5 53. Ke3
h6 54. g4 fxg4 55. hxg5+ hxg5 56. Kxe4 Kg6 57. Rc6+ Kh5 58. b6 Rf7 59. Kd5 Rf5+
60. Ke4 1-0

[Event "Riga Tech Open A 2018"]
[Site "Riga LAT"]
[Date "2018.08.06"]
[Round "1.28"]
[White "Rasa, Gints"]
[Black "Leenhouts, Koen"]
[Result "0-1"]
[BlackTitle "IM"]
[WhiteElo "2161"]
[BlackElo "2475"]
[WhiteFideId "11604700"]
[BlackFideId "1008439"]
[EventDate "2018.08.06"]

1. e4 c5 2. Nf3 e6 3. c3 Nf6 4. e5 Nd5 5. d4 cxd4 6. cxd4 d6 7. Bd3 dxe5 8. dxe5
Nb4 9. Be4 Qxd1+ 10. Kxd1 N8a6 11. Bd2 Bd7 12. Bxb7 Rd8 13. Bxa6 Nxa6 14. Nc3
Bb4 15. a3 Bxc3 16. Bxc3 Nc5 17. Ke2 Bb5+ 18. Ke3 Rd3+ 19. Kf4 f6 20. exf6 gxf6
21. Rhe1 Rg8 22. g4 Bc6 23. Nd4 e5+ 24. Kf5 Kf7 0-1

[Event "Riga Tech Open A 2018"]
[Site "Riga LAT"]
[Date "2018.08.06"]
[Round "1.30"]
[White "Osis, Renars"]
[Black "Pultinevicius, Paulius"]
[Result "0-1"]
[BlackTitle "IM"]
[WhiteElo "2157"]
[BlackElo "2452"]
[WhiteFideId "11602341"]
[BlackFideId "12809390"]
[EventDate "2018.08.06"]

1. d4 Nf6 2. Nf3 g6 3. Bf4 Bg7 4. Nc3 d5 5. Qd2 c5 6. dxc5 Nc6 7. O-O-O O-O 8.
Nd4 Nxd4 9. Qxd4 Ng4 10. Qxd5 Qa5 11. Qf3 Bxc3 12. bxc3 Qa3+ 13. Kd2 Rd8+ 14.
Ke1 Rxd1+ 15. Kxd1 Bf5 16. e4 Bxe4 17. Qxg4 Qxc3 18. Bd2 Rd8 19. Bd3 Qa1+ 20.
Bc1 Bxd3 21. cxd3 Qc3 22. Bd2 Rxd3 23. Qf4 e5 24. Qh6 Qa1+ 25. Kc2 Rxd2+ 26.
Qxd2 Qxh1 27. Qd8+ Kg7 28. Qd5 Qe1 29. f3 Qe2+ 30. Kc3 Qe1+ 31. Kc2 Qe3 32. a4
a5 33. g3 g5 34. h4 gxh4 35. gxh4 Qf4 36. Qb3 Qxh4 37. Qxb7 Qxa4+ 38. Kb1 Qd1+
39. Ka2 Qc2+ 40. Ka1 Qxc5 41. Qa8 h5 42. Ka2 Qc2+ 43. Ka3 Qc3+ 44. Ka2 Qc2+ 45.
Ka1 h4 46. Qxa5 Qd1+ 47. Ka2 Qe2+ 48. Kb1 h3 49. Qd8 Qf1+ 50. Kc2 Qg2+ 0-1

[Event "Riga Tech Open A 2018"]
[Site "Riga LAT"]
[Date "2018.08.06"]
[Round "1.31"]
[White "Gorodetzky, David"]
[Black "Sucikova, Svetlana"]
[Result "1-0"]
[WhiteTitle "IM"]
[BlackTitle "WFM"]
[WhiteElo "2451"]
[BlackElo "2152"]
[WhiteFideId "2813416"]
[BlackFideId "14923653"]
[EventDate "2018.08.06"]

1. Nf3 d5 2. e3 Nf6 3. b3 b6 4. Bb2 Bb7 5. d4 Nbd7 6. Bd3 e6 7. O-O Bd6 8. Nbd2
O-O 9. Ne5 Rc8 10. Qf3 c6 11. Qh3 g6 12. f4 Ne8 13. Ndf3 Be7 14. Qh6 Ng7 15.
Nxd7 Qxd7 16. Ne5 Qe8 17. Rf3 f5 18. Rh3 Nh5 19. g4 Nf6 20. gxf5 exf5 21. Bxf5
Bd6 22. Bxg6 Qe7 23. Bxh7+ Nxh7 24. Rg3+ 1-0

[Event "Riga Tech Open A 2018"]
[Site "Riga LAT"]
[Date "2018.08.06"]
[Round "1.32"]
[White "Agafonov, Yuri Dr"]
[Black "Haria, Ravi"]
[Result "1/2-1/2"]
[BlackTitle "IM"]
[WhiteElo "2151"]
[BlackElo "2449"]
[WhiteFideId "11602104"]
[BlackFideId "415820"]
[EventDate "2018.08.06"]

1. Nf3 e6 2. c4 d5 3. e3 Nf6 4. b3 b6 5. Bb2 Bb7 6. cxd5 exd5 7. Nc3 a6 8. d4
Nbd7 9. Bd3 Bd6 10. O-O O-O 11. Rc1 Re8 12. Ne2 Qe7 13. Ng3 g6 14. Rc2 Ne4 15.
Qe2 h5 16. Rfc1 h4 17. Nf1 h3 18. g3 c5 19. N3d2 Ndf6 20. f3 Ng5 21. Qf2 Ne6 22.
f4 Ng4 23. Qe2 f5 24. Nf3 cxd4 25. Bxd4 Bc5 26. Qd2 Rac8 27. Be2 Bb4 28. Bc3 Bc5
29. b4 Bd6 30. a3 d4 31. Bxd4 Rxc2 32. Rxc2 Nxd4 33. Qxd4 Nxe3 34. Bc4+ Nxc4 35.
Qxc4+ Qe6 36. Qxe6+ Rxe6 37. Ng5 Re1 38. Nxh3 a5 39. Kf2 Ra1 40. Rd2 Bf8 41. Ng5
Rxa3 42. Rd8 Ra2+ 43. Nd2 axb4 44. Ne6 Kf7 45. Nxf8 Ke7 46. Rb8 Rxd2+ 47. Ke3
Rxh2 48. Nxg6+ Kf6 49. Nh4 Be4 50. Rxb6+ Kf7 51. Rxb4 Rh3 52. Kf2 Rh2+ 53. Ke3
Rh3 54. Kf2 Rh2+ 55. Ke3 Rh3 56. Rxe4 1/2-1/2

[Event "Riga Tech Open A 2018"]
[Site "Riga LAT"]
[Date "2018.08.06"]
[Round "1.37"]
[White "Kjartansson, Gudmundur"]
[Black "Ghazarian, Kirk"]
[Result "1/2-1/2"]
[WhiteTitle "IM"]
[WhiteElo "2434"]
[BlackElo "2140"]
[WhiteFideId "2301318"]
[BlackFideId "30908604"]
[EventDate "2018.08.06"]

1. Nf3 c5 2. g3 g6 3. Bg2 Bg7 4. O-O Nc6 5. c4 d6 6. Nc3 Nh6 7. d4 cxd4 8. Bxh6
Bxh6 9. Nxd4 Nxd4 10. Qxd4 O-O 11. Rfd1 Bg7 12. Qd2 Bxc3 13. Qxc3 Qc7 14. Rac1
Be6 15. h4 Rac8 16. Bd5 Bf5 17. Qe3 a6 18. b4 Kg7 19. Qd4+ f6 20. Qa7 a5 21.
bxa5 Ra8 22. Qxb7 Qxb7 23. Bxb7 Rxa5 24. Rd2 Rb8 25. Bf3 Bb1 26. Kg2 Rb4 27. Bc6
Rc5 28. Bd5 Ra5 29. e4 Bxa2 30. Ra1 Rba4 31. Rc2 h5 32. Bc6 Ra3 33. Bb5 Kf8 34.
f4 Bb3 35. Rxa3 Rxa3 36. Rc3 Ra2+ 37. Kg1 Bd1 38. e5 fxe5 39. fxe5 Bg4 40. exd6
exd6 41. Rd3 Ke7 42. Re3+ Kf6 43. Bc6 Re2 44. Ra3 Re1+ 45. Kf2 Re2+ 46. Kg1 Re1+
47. Kf2 Re2+ 48. Kg1 Re1+ 49. Kh2 Re2+ 50. Kg1 Re1+ 51. Kf2 Re2+ 1/2-1/2

[Event "Riga Tech Open A 2018"]
[Site "Riga LAT"]
[Date "2018.08.06"]
[Round "1.38"]
[White "Narva, Jaan"]
[Black "Cruz Lledo, Pablo"]
[Result "0-1"]
[WhiteTitle "FM"]
[BlackTitle "IM"]
[WhiteElo "2136"]
[BlackElo "2432"]
[WhiteFideId "4500148"]
[BlackFideId "2297361"]
[EventDate "2018.08.06"]

1. Nf3 d5 2. d4 e6 3. g3 Nf6 4. Bg2 Be7 5. O-O O-O 6. c4 b6 7. Nc3 Bb7 8. cxd5
Nxd5 9. Nxd5 Bxd5 10. Qc2 Na6 11. a3 c5 12. e4 Bb7 13. Rd1 cxd4 14. Nxd4 Rc8 15.
Qe2 Qc7 16. Bf4 e5 17. Rac1 Nc5 18. b4 exf4 19. bxc5 Bxc5 20. Nb5 Ba6 21. a4
fxg3 22. hxg3 Qe5 23. Kh2 Rfd8 24. Bh3 Rxd1 25. Rxd1 Re8 26. f3 g6 27. Qc2 Bxb5
28. axb5 h5 29. Rd5 Qa1 30. Bg2 h4 31. Qd1 Qf6 32. Qd2 hxg3+ 33. Kxg3 Kg7 34. f4
Rh8 35. Kf3 Rh2 36. Rg5 Rh5 37. Rxh5 gxh5 38. Bh3 Qa1 39. Kg3 Qa3+ 40. Kh2 Be3
41. Qg2+ Kf8 42. Qg5 Qd6 43. Kg3 Bd2 44. Bg2 Be1+ 45. Kh2 h4 46. Kh3 Qd7+ 47.
Qf5 Qd3+ 48. Kh2 Bg3+ 49. Kh3 Bxf4+ 50. Kxh4 Qg3+ 51. Kh5 Qxg2 52. Qxf4 Qe2+ 53.
Kh6 Qxb5 54. Qd6+ Ke8 55. Qb8+ Ke7 56. Qxa7+ Kf6 57. Qa1+ Qe5 58. Qf1+ Ke7 59.
Qb1 b5 60. Kh7 f5 61. exf5 Kf6 62. Qg1 Qxf5+ 63. Kg8 Qg6+ 0-1

[Event "Riga Tech Open A 2018"]
[Site "Riga LAT"]
[Date "2018.08.07"]
[Round "2.1"]
[White "Shishkov, Andrei"]
[Black "Kovalenko, Igor"]
[Result "1/2-1/2"]
[WhiteTitle "FM"]
[BlackTitle "GM"]
[WhiteElo "2370"]
[BlackElo "2641"]
[WhiteFideId "4500563"]
[BlackFideId "14117908"]
[EventDate "2018.08.06"]

1. d4 Nf6 2. c4 e6 3. Nc3 Bb4 4. Qc2 d6 5. e3 Nbd7 6. Bd3 b6 7. Ne2 Bb7 8. O-O
Bxc3 9. Nxc3 c5 10. b3 O-O 11. Bb2 cxd4 12. exd4 Qc7 13. Rfd1 a6 14. Rac1 Kh8
15. f3 d5 16. cxd5 Bxd5 17. Nxd5 Qxc2 18. Bxc2 Nxd5 19. Be4 N7f6 20. Kf2 b5 21.
Bd3 Rfd8 22. Rd2 Nb4 23. Bb1 Kg8 24. Ba3 Nbd5 25. Bc5 h5 26. b4 a5 27. bxa5 Rxa5
28. Rb2 g6 29. Bd3 b4 30. Bc4 Kg7 31. h4 Ra3 32. Bb3 Rd7 33. g3 Rd8 34. Rcc2 Rd7
35. Bxd5 Nxd5 36. Bxb4 Ra4 37. Bc5 Kf6 38. a3 Ne7 39. Rd2 Nf5 40. Ra2 Rd5 41.
Rab2 Kg7 42. Rbc2 Kg8 43. Re2 Nxd4 44. Bxd4 Rdxd4 45. Re3 Rd1 46. Ra2 Rh1 47.
Kg2 Rb1 48. Kf2 Kg7 49. Re1 Rb6 50. Re4 Ra5 51. a4 f5 52. Rc4 e5 53. Rac2 Re6
54. Rb2 Rd5 55. Rc7+ Kf6 56. Rbb7 e4 57. Rf7+ Ke5 58. Rfe7 Rd2+ 59. Ke1 Rd6 60.
Rb5+ Kd4 61. Rxe6 Rxe6 62. Ke2 Rc6 63. Rb4+ Ke5 64. Rb5+ Kf6 65. fxe4 fxe4 66.
Rg5 Rc3 67. a5 1/2-1/2

[Event "Riga Tech Open A 2018"]
[Site "Riga LAT"]
[Date "2018.08.07"]
[Round "2.2"]
[White "Bluebaum, Matthias"]
[Black "Stark, Lars"]
[Result "1/2-1/2"]
[WhiteTitle "GM"]
[BlackTitle "IM"]
[WhiteElo "2637"]
[BlackElo "2368"]
[WhiteFideId "24651516"]
[BlackFideId "4676386"]
[EventDate "2018.08.06"]

1. d4 Nf6 2. c4 g6 3. Nc3 d5 4. Bg5 Ne4 5. Nxe4 dxe4 6. e3 Bg7 7. Ne2 c5 8. Qd2
Bg4 9. d5 Bxe2 10. Bxe2 Qd6 11. O-O h6 12. Bh4 Be5 13. Bg3 Nd7 14. Bxe5 Qxe5 15.
b4 O-O 16. a3 Rac8 17. Rab1 Rfd8 18. Rfd1 b6 19. Qc2 Rc7 20. Qa4 Qd6 21. h3 h5
22. Rd2 Nf6 23. h4 Qd7 24. Qb3 Qf5 25. Qa4 Qd7 26. Qb3 Qf5 27. Qa4 1/2-1/2

[Event "Riga Tech Open A 2018"]
[Site "Riga LAT"]
[Date "2018.08.07"]
[Round "2.3"]
[White "Kulkarni, Rakesh"]
[Black "Donchenko, Alexander"]
[Result "0-1"]
[BlackTitle "GM"]
[WhiteElo "2363"]
[BlackElo "2612"]
[WhiteFideId "5037077"]
[BlackFideId "24603295"]
[EventDate "2018.08.06"]

1. c4 c5 2. Nc3 g6 3. h4 Nf6 4. e4 Nc6 5. g4 h5 6. g5 Ng4 7. f3 Nge5 8. d3 Bg7
9. Bg2 Nb4 10. Bf1 O-O 11. a3 Nbc6 12. Bg2 a6 13. Nge2 b5 14. f4 Ng4 15. O-O Rb8
16. cxb5 axb5 17. f5 b4 18. axb4 Nxb4 19. Nf4 c4 20. d4 Nd3 21. f6 exf6 22. Nxd3
cxd3 23. Qxd3 fxg5 24. Bxg5 Qb6 25. Ra4 Bb7 26. Be7 Rfe8 27. Bg5 Bc6 28. Rc4 Ne5
29. Rxc6 dxc6 30. Qd1 Ng4 31. Ne2 c5 32. Nc3 Qxb2 0-1

[Event "Riga Tech Open A 2018"]
[Site "Riga LAT"]
[Date "2018.08.07"]
[Round "2.4"]
[White "Hovhannisyan, Robert"]
[Black "Jablonicky, Martin"]
[Result "1/2-1/2"]
[WhiteTitle "GM"]
[BlackTitle "FM"]
[WhiteElo "2608"]
[BlackElo "2361"]
[WhiteFideId "13302507"]
[BlackFideId "14925621"]
[EventDate "2018.08.06"]

1. e4 e5 2. Nf3 Nf6 3. d4 Nxe4 4. Bd3 d5 5. Nxe5 Nd7 6. Nxd7 Bxd7 7. O-O Bd6 8.
Qh5 Qf6 9. Nc3 Qxd4 10. Be3 Qe5 11. Qxe5+ Bxe5 12. Nxd5 Nf6 13. Rae1 Nxd5 14.
Bd2 f6 15. f4 Nxf4 16. Bxf4 O-O 17. Bxe5 fxe5 18. Bc4+ Kh8 19. Rxe5 Rxf1+ 20.
Kxf1 Re8 21. Rxe8+ Bxe8 22. Kf2 g5 23. Ke3 Kg7 24. Kd4 Kf6 25. Bd3 h5 26. Be4 b6
27. Kd5 Bf7+ 28. Kd4 c5+ 29. Kd3 Ke5 30. a3 Kf4 31. g3+ Kg4 32. Bg2 Bg6+ 33. Kc4
Bxc2 34. Kb5 Bd3+ 35. Kc6 h4 36. gxh4 gxh4 37. Kb7 b5 38. Kxa7 Kf4 39. Kb6 Ke3
40. Bc6 b4 41. Kxc5 bxa3 42. bxa3 Bc2 43. Kd6 Kf2 44. Ke5 Kg1 45. h3 Kh2 46. Bd7
Kg3 47. Kd4 Bb3 48. Ke3 Bd1 49. Kd3 Bb3 50. Kd2 Kg2 51. Kc3 Bd1 52. Kb4 Kg3 53.
Be6 Bc2 54. Bg4 Kf4 55. Bd7 Kg3 56. Kc4 Bd1 57. Kc3 Kg2 58. Bc8 Kg3 59. Be6 Ba4
60. Bg4 Be8 61. Kb4 Bc6 62. Bf5 Be8 63. Bc8 Bc6 64. a4 Bxa4 65. Kxa4 Kf4 66. Kb5
Ke5 67. Kc6 Kf6 68. Kd6 Kg7 69. Ke7 Kh8 70. Kf6 Kh7 71. Be6 Kh8 72. Kg6 1/2-1/2

[Event "Riga Tech Open A 2018"]
[Site "Riga LAT"]
[Date "2018.08.07"]
[Round "2.5"]
[White "Quillan, Gary"]
[Black "Predke, Alexandr"]
[Result "0-1"]
[WhiteTitle "IM"]
[BlackTitle "GM"]
[WhiteElo "2349"]
[BlackElo "2606"]
[WhiteFideId "401153"]
[BlackFideId "24107581"]
[EventDate "2018.08.06"]

1. e4 e5 2. Nf3 Nc6 3. Bb5 a6 4. Ba4 Nf6 5. O-O Be7 6. Re1 b5 7. Bb3 d6 8. c3
O-O 9. d4 Bg4 10. d5 Na5 11. Bc2 Qc8 12. h3 Bd7 13. Nbd2 c6 14. dxc6 Qxc6 15. a4
Nb7 16. Nf1 Nc5 17. a5 Nfxe4 18. Nd4 Qb7 19. f3 Nf6 20. Nf5 Bxf5 21. Bxf5 Rfe8
22. Bc2 Rad8 23. Ng3 g6 24. f4 Bf8 25. f5 d5 26. Bg5 Rd6 27. Rf1 Bg7 28. Bxf6
Rxf6 29. b4 Na4 30. Bxa4 bxa4 31. Qxa4 Rc8 32. Qb3 Rc4 33. fxg6 Rxg6 34. Kh2 e4
35. Nf5 Bxc3 36. Rac1 Qc7+ 37. Kh1 Bxb4 38. Qxb4 Rxc1 39. Ne7+ Qxe7 40. Qxe7
Rxf1+ 41. Kh2 Rf2 42. Qe8+ Kg7 43. Qe5+ Kh6 44. h4 Rfxg2+ 45. Kh1 R2g4 0-1

[Event "Riga Tech Open A 2018"]
[Site "Riga LAT"]
[Date "2018.08.07"]
[Round "2.6"]
[White "Rietze, Clemens"]
[Black "Svane, Rasmus"]
[Result "0-1"]
[WhiteTitle "FM"]
[BlackTitle "GM"]
[WhiteElo "2339"]
[BlackElo "2591"]
[WhiteFideId "24620351"]
[BlackFideId "4657101"]
[EventDate "2018.08.06"]

1. d4 Nf6 2. c4 e6 3. Nc3 Bb4 4. e3 O-O 5. Ne2 c6 6. a3 Ba5 7. Qc2 d5 8. Ng3
Nbd7 9. Be2 dxc4 10. Bxc4 e5 11. O-O exd4 12. exd4 Bc7 13. Ba2 Nb6 14. Rd1 Qd6
15. Bg5 h6 16. Bxf6 Qxf6 17. d5 cxd5 18. Bxd5 Be5 19. Rac1 Bf4 20. Rb1 Bg4 21.
f3 Be6 22. Bxe6 Qxe6 23. Qe4 Be5 24. Re1 Rfe8 25. Qb4 Rad8 26. Nge2 Qc4 27. Rbd1
Bd6 28. Qb5 Bc5+ 29. Kf1 a6 30. Qa5 Rc8 31. Ne4 Rxe4 32. fxe4 Qxe4 33. Qc3 Nd5
34. Rxd5 Qxd5 35. Nf4 Qf5 36. Qf3 Bd6 37. Nd5 Qxf3+ 38. gxf3 Kf8 39. Re2 Re8 40.
Rd2 Rd8 41. Nb6 Bc7 42. Rxd8+ Bxd8 43. Nd7+ Ke7 44. Nc5 Bb6 45. Nd3 Ke6 46. Ke2
Kd5 47. b3 Kd4 48. Kd2 Bc7 49. h3 f5 50. b4 Bd6 51. Nb2 Bf4+ 52. Ke2 g5 53. Na4
Bd6 54. Kd2 h5 55. Nb6 g4 0-1